عرض عادي
عرض مارك
- Histology, Pathological.
مدخل مصطلح موضوعي
001 - رقم الضبط
- حقل الضبط: 9357
003 - معرف رقم الضبط
- حقل الضبط: OSt
005 - تاريخ ووقت أخر عملية
- حقل الضبط: 20120110154018.0
008 - عناصر بيانات ثابتة الطول
- حقل تحكم ثابت الطول: 120110|||a|||||| | ||| d
040 ## - مصدر الفهرسة
- هيئة الفهرسة الأصلية: OSt
- وكالة الكتابة: OSt
150 ## - مدخل-- مصطلح تاريخي
- عنصر مدخل المصطلح الموضوعي او الاسم الجغرافي: Histology, Pathological.
670 ## - بيانات المصدر موجوده
- الاستشهاد بالمصدر: Work cat.: (OSt)21783: Young, Barbara, Ph. D. 9356, Wheater's basic pathology :, c2011.
